000 00646nam a2200229Ia 4500
003 OSt
005 20220923223515.0
006 a|||||r|||| 00| 0
007 ta
008 Pun
024 _a218,357
037 _cTextual
040 _aARTS
_cARTS
_bPun
041 _2Pun
_aPun
082 _aO153,3:g, N9
100 _aਰਜਨੀF ਬਹਾਦਰ ਸਿੰਘ
_9167480
245 0 _aਗਲਪ ਅਧਿਔਨ
260 _aਲਧਿਆਨਾ
_b ਚੇਤਨਾ ਪ੍ਰਕਾFਨ
_c1999
300 _a120ਪੰ
_ccm.
942 _hO153,3:g, N9
_cTEXL
_2CC
999 _c365818
_d365818